10 municipios más poblados de Cádiz - Estadísticas

Estadísticas generales
  • Esta prueba ha sido intentada 101 veces
  • La puntuación promedio es 8 de 10
Estadísticas de respuestas
Habitantes Respuesta % Correcto
214.844 Jerez de la Frontera
99%
111.180 Cádiz
96%
90.423 El Puerto de Santa María
93%
125.047 Algeciras
90%
89.805 Chiclana de la Frontera
89%
93.793 San Fernando
89%
64.987 La Línea de la Concepción
79%
69.887 Sanlúcar de Barrameda
72%
42.095 Puerto Real
64%
34.617 San Roque
52%
No se encontraron pruebas coincidentes
Distribución de puntuación
Porcentaje de gente con cada puntuación
Porcentaje por número respondido
Historial de tus puntuaciones
No has intentado esta prueba.